00535nam a2200193Ia 4500003000900000008004100009040001300050040001300063041000800076100001700084245012400101250000900225260002300234260000900257300001100266300001200277490004600289490000600335IT-RoPAU120407s9999 xx 000 0 und d aIT-RoPAU cIT-RoPAU aita aElio Gambari aL’aggiornamento della formazione alla vita religiosa. Testo e commento a “Renovationis causam” del 6 gennaio 1969 aRoma aCentro Monfortiano c1969 a142 p. c21,5 cm a1.Encicliche e doc. -Renovationis causam. v1